La escritura inspirada : estudios sobre la inspiración bíblica /

Guardat en:
Dades bibliogràfiques
Autor principal: Artola Arbiza, Antonio María (autor)
Format: Llibre
Idioma:espanyol
Publicat: Bilbao, España : Universidad de Deusto : Mensajero, 1994, c1994
Col·lecció:(Teología Deusto ; 26)
Matèries:
Etiquetes: Afegir etiqueta
Sense etiquetes, Sigues el primer a etiquetar aquest registre!

MARC

LEADER 00000nam^a2200000^a^4500
001 000135321
005 20250521000000.0
009 20260310095239.928
020 |a 84-271-1886-4 
037 |a Acervo ITESO - Biblioteca 
041 |a ESP 
082 |a 220. 13  |b ART 
100 |a Artola Arbiza, Antonio María  |e (autor) 
245 1 3 |a La escritura inspirada :  |b estudios sobre la inspiración bíblica /  |c A.M. Artola Arbiza. 
264 4 |a Bilbao, España :  |b Universidad de Deusto :  |b Mensajero,  |c 1994, c1994 
300 |a 255 p. 
336 |a texto  |b txt  |2 rdacontenido 
337 |a sin mediación  |b n  |2 rdamedio 
338 |a volumen  |b nc  |2 rdasoporte 
440 1 |a (Teología Deusto ;  |v 26) 
649 |a XX 
650 |a Biblia -  |x Inspiración 
650 |a Libros Sagrados 
650 |a Teología 
650 |a Catolicismo 
650 |a Cristianismo 
650 |a Religión 
910 |a Fondo General 
920 |a Impresos - Libros 
930 |a Colección General 
905 |a 101 
901 |a 0500064191  |b IT1  |c ACC  |u 20250521 
902 |a https://opac.biblio.iteso.mx/vufind/Record/000135321